Sports Quiz

Random Sports Quiz

FC Liverpool XI since 2000 Quiz Stats

Quiz not verified by Sporcle

Challenge
Share
Tweet
Embed
Score 0/209 Timer 16:00
3 Plays Today
Hint Answer % Correct
1999/2000Steven Gerrard
99.1%
2000/2001Steven Gerrard
99.1%
2001/2002Steven Gerrard
99.1%
2002/2003Steven Gerrard
99.1%
2003/2004Steven Gerrard
99.1%
2004/2005Steven Gerrard
99.1%
2005/2006Steven Gerrard
99.1%
2006/2007Steven Gerrard
99.1%
2007/2008Steven Gerrard
99.1%
2008/2009Steven Gerrard
99.1%
2009/2010Steven Gerrard
99.1%
2010/2011Steven Gerrard
99.1%
2012/2013Steven Gerrard
99.1%
2013/2014Steven Gerrard
99.1%
2014/2015Steven Gerrard
99.1%
1999/2000Jamie Carragher
96.8%
2000/2001Jamie Carragher
96.8%
2001/2002Jame Carragher
96.8%
2002/2003Jamie Carragher
96.8%
2003/2004Jamie Carragher
96.8%
2004/2005Jamie Carragher
96.8%
2005/2006Jamie Carragher
96.8%
2006/2007Jamie Carragher
96.8%
2007/2008Jamie Carragher
96.8%
2008/2009Jamie Carragher
96.8%
2009/2010Jamie Carragher
96.8%
2010/2011Jamie Carragher
96.8%
2016/2017Philippe Coutinho
96%
2017/2018Simon Mignolet
95.6%
2017/2018Philippe Coutinho
95.6%
2015/2016Simon Mignolet
95.5%
2005/2006José Manuel Reina
95.4%
2006/2007José Manuel Reina
95.4%
2007/2008José Manuel Reina
95.4%
2008/2009José Manuel Reina
95.4%
2009/2010José Manuel Reina
95.4%
2010/2011José Manuel Reina
95.4%
2011/2012José Manuel Reina
95.4%
2012/2013José Manuel Reina
95.4%
2011/2012Luis Suárez
95.2%
2012/2013Luis Suárez
95.2%
2013/2014Luis Suárez
95.2%
2013/2014Simon Mignolet
95.1%
2014/2015Simon Mignolet
95.1%
1999/2000Michael Owen
94.8%
2000/2001Michael Owen
94.8%
2001/2002Michael Owen
94.8%
2002/2003Michael Owen
94.8%
2003/2004Michael Owen
94.8%
2007/2008Fernando Torres
94.4%
2008/2009Fernando Torres
94.4%
2009/2010Fernando Torres
94.4%
2010/2011Fernando Torres
94.4%
1999/2000Sami Hyypiä
94.2%
2000/2001Sami Hyypiä
94.2%
2001/2002Sami Hyypiä
94.2%
2002/2003Sami Hyypiä
94.2%
2003/2004Sami Hyypiä
94.2%
2004/2005Sami Hyypiä
94.2%
2005/2006Sami Hyypiä
94.2%
2007/2008Sami Hyypiä
94.2%
2016/2017Simon Mignolet
94%
2013/2014Daniel Sturridge
94%
2001/2002Jerzy Dudek
93.9%
2002/2003Jerzy Dudek
93.9%
2003/2004Jerzy Dudek
93.9%
2004/2005Jerzy Dudek
93.9%
2016/2017Roberto Firmino
93.6%
2004/2005Xabi Alonso
93.2%
2005/2006Xabi Alonso
93.2%
Hint Answer % Correct
2006/2007Xabi Alonso
93.2%
2008/2009Xabi Alonso
93.2%
2015/2016Philippe Coutinho
92.8%
2016/2017Dejan Lovren
92.3%
2013/2014Philippe Coutinho
92.2%
2014/2015Philippe Coutinho
92.2%
2017/2018Roberto Firmino
92.1%
2015/2016Roberto Firmino
92%
2001/2002John Arne Riise
91.7%
2002/2003John Arne Riise
91.7%
2003/2004John Arne Riise
91.7%
2004/2005John Arne Riise
91.7%
2005/2006John Arne Riise
91.7%
2006/2007John Arne Riise
91.7%
2007/2008John Arne Riise
91.7%
2008/2009Martin Škrtel
91.7%
2010/2011Martin Škrtel
91.7%
2011/2012Martin Škrtel
91.7%
2011/2012Jordan Henderson
91.7%
2012/2013Martin Škrtel
91.7%
2012/2013Jordan Henderson
91.7%
2013/2014Martin Škrtel
91.7%
2013/2014Jordan Henderson
91.7%
2014/2015Martin Škrtel
91.7%
2014/2015Jordan Henderson
91.7%
2017/2018Dejan Lovren
91.2%
2015/2016Dejan Lovren
90.7%
2006/2007Daniel Agger
89.8%
2009/2010Daniel Agger
89.8%
2010/2011Daniel Agger
89.8%
2011/2012Daniel Agger
89.8%
2012/2013Daniel Agger
89.8%
2017/2018Sadio Mané
89.5%
2016/2017Emre Can
89%
2000/2001Robbie Fowler
89%
2009/2010Glen Johnson
88.9%
2010/2011Glen Johnson
88.9%
2011/2012Glen Johnson
88.9%
2012/2013Glen Johnson
88.9%
2013/2014Glen Johnson
88.9%
2016/2017Nathanial Clyne
87.9%
2016/2017James Milner
87.8%
2015/2016Nathanial Clyne
87.7%
2017/2018Mohamed Salah
87.7%
2016/2017Sadio Mané
87.3%
2012/2013Raheem Sterling
87.2%
2013/2014Raheem Sterling
87.2%
2014/2015Raheem Sterling
87.2%
2006/2007Dirk Kuyt
87.1%
2007/2008Dirk Kuyt
87.1%
2008/2009Dirk Kuyt
87.1%
2009/2010Dirk Kuyt
87.1%
2010/2011Dirk Kuyt
87.1%
2011/2012Dirk Kuyt
87.1%
2016/2017Adam Lallana
87.1%
2015/2016Emre Can
86.7%
2014/2015Emre Can
85.1%
2015/2016James Milner
85%
2000/2001Emile Heskey
84.6%
2001/2002Emile Heskey
84.6%
2002/2003Emile Heskey
84.6%
2003/2004Emile Heskey
84.6%
1999/2000Dietmar Hamann
84.5%
2000/2001Dietmar Hamann
84.5%
2001/2002Dietmar Hamann
84.5%
2002/2003Dietmar Hamann
84.5%
2004/2005Dietmar Hamann
84.5%
2015/2016Adam Lallana
84.4%
2016/2017Joël Matip
84.4%
2017/2018Alberto Moreno
84.2%
Hint Answer % Correct
2017/2018Emre Can
84.2%
2003/2004Steve Finnan
84.2%
2004/2005Steve Finnan
84.2%
2005/2006Steve Finnan
84.2%
2006/2007Steve Finnan
84.2%
2014/2015Adam Lallana
84%
2004/2005Milan Baroš
83.7%
2014/2015Alberto Moreno
83.4%
2015/2016Alberto Moreno
83.1%
2007/2008Javier Mascherano
83%
2009/2010Javier Mascherano
83%
2005/2006Peter Crouch
81.9%
2006/2007Peter Crouch
81.9%
2009/2010Lucas Leiva
80.7%
2010/2011Lucas Leiva
80.7%
2004/2005Luis García
79.5%
2005/2006Luis García
79.5%
2017/2018Georgino Wijnaldum
78.9%
2015/2016Mamadou Sakho
78.8%
2014/2015Mamadou Sakho
78.2%
2017/2018Joël Matip
78.1%
2011/2012Andrew Carroll
77.7%
2001/2002Vladimír Šmicer
77.1%
2015/2016Christian Benteke
76.5%
2003/2004Harry Kewell
75.4%
2005/2006Harry Kewell
75.4%
2005/2006Djibril Cissé
75.4%
2016/2017Georgino Wijnaldum
74.6%
2002/2003Djimi Traoré
74.3%
2004/2005Djimi Traoré
74.3%
1999/2000Stéphane Henchoz
73.5%
2000/2001Stéphane Henchoz
73.5%
2001/2002Stéphane Henchoz
73.5%
2007/2008Ryan Babel
73%
1999/2000Sander Westerveld
72.4%
2000/2001Sander Westerveld
72.4%
1999/2000Danny Murphy
70.5%
2001/2002Danny Murphy
70.5%
2002/2003Danny Murphy
70.5%
2003/2004Danny Murphy
70.5%
2007/2008Álvaro Arbeloa
70.1%
2008/2009Álvaro Arbeloa
70.1%
2013/2014Jon Flanagan
67.1%
2011/2012José Enrique
65.9%
2012/2013José Enrique
65.9%
2013/2014Kolo Touré
65.1%
2008/2009Fábio Aurélio
64.3%
2017/2018Joe Gomez
64%
2006/2007Craig Bellamy
62.9%
2011/2012Stuart Downing
62.6%
2012/2013Stuart Downing
62.6%
2000/2001Markus Babbel
62.2%
2014/2015Mario Balotelli
61.5%
2012/2013Joe Allen
61.4%
1999/2000Patrik Berger
61.3%
2007/2008Yossi Benayoun
61.1%
2008/2009Yossi Benayoun
61.1%
2009/2010Yossi Benayoun
61.1%
2008/2009Albert Riera
60.2%
2006/2007Jermaine Pennant
59.7%
2000/2001Gary McAllister
58.6%
2011/2012Charlie Adam
55.8%
2002/2003El Hadji Diouf
55.6%
2010/2011Maxi Rodríguez
54.1%
2003/2004Igor Bišćan
50%
2009/2010Emiliano Insúa
48.2%
2010/2011Raúl Meireles
45.1%
1999/2000Titi Camara
37.9%
1999/2000Dominic Matteo
27.8%

You're not logged in!

Compare scores with friends on all Sporcle quizzes.
Sign Up with Email
OR
Log In

You Might Also Like...

Show Comments

Extras

Top Quizzes Today


Score Distribution

Your Account Isn't Verified!

In order to create a playlist on Sporcle, you need to verify the email address you used during registration. Go to your Sporcle Settings to finish the process.